01481nab a2200385 a 4500001000700000003000800007005001700015006001900032007001500051008004100066022001400107035002100121040002600142050002400168080001700192100003600209222003000245245019100275260005900466300001500525362002800540533016400568546005200732650001700784650001900801650002600820650001500846650003100861650002300892655003200915700003600947710001900983740003101002856006201033105024FlNmELB20241217173553.0m o d | cr cn|||||||||200902r2008 cu |||||s|||||||||||spa d a1609-4808 a(OCoLC)955392078 aFlNmELBbspacFlNmELB 4aLB2321bH565 2008eb a37.013:378.41 aHerrera Jiménez, Luis Felipe. 0aPedagogía Universitaria10aRepresentación social de la salud en estudiantes de 3er año de la carrera de mecánica y psicologíah[recurso electronico]cLuis Felipe Herrera Jiménez, Ivis González Pereira. aCiudad de la Habana :bEditorial Universitaria,c2008. a115-136 p.0 aVol. 13, Num. 3 (2008)- aRecurso electrónico. Santa Fe, Arg.: e-libro, 2015. Disponible vía World Wide Web. El acceso puede estar limitado para las bibliotecas afiliadas a e-libro. aArtículos en español ; resumen en inglés. 4aEducación. 4aUniversidades. 4aEnseñanza superior. 0aEducation. 0aUniversities and colleges. 0aEducation, Higher. 4aArtículos electrónicos.1 aGonzález Pereira, Ivis,eaut.2 ae-libro, Corp.02aPedagogía Universitaria.40uhttps://elibro.net/ereader/politecnicointernacional/22530